|
|
|
|
| LEADER |
01374nam a22002891a 4500 |
| 001 |
c000125941 |
| 003 |
CARM |
| 005 |
00000000000000.0 |
| 008 |
891113s1966 enk 0001 eng d |
| 019 |
1 |
|
|a 8083582
|z 45088615
|z 27241425
|z 9414787
|5 LACONCORD2021
|
| 035 |
|
|
|a (OCoLC)5013704
|5 LACONCORD2021
|
| 110 |
2 |
0 |
|a Federation of European Biochemical Societies.
|
| 245 |
1 |
0 |
|a Colloquium :
|b biosynthesis of aromatic compounds /
|c [papers] Edited by G. Billek.
|
| 260 |
|
|
|a Oxford :
|b Symposium Publications Division, Pergamon Press,
|c [1966].
|
| 300 |
|
|
|a 142p. :
|b illus. ;
|c 24cm.
|
| 490 |
1 |
|
|a Proceedings of the 2nd Meeting of the Federation of European Biochemical Societies, Vienna, 21-24 April 1965 ;
|v v.3
|
| 500 |
|
|
|a 'Organized by the Osterreichische biochemische Gessellschaft'.
|
| 504 |
|
|
|a Includes bibliographies.
|
| 650 |
|
0 |
|a Aromatic compounds.
|
| 650 |
|
0 |
|a Biosynthesis.
|
| 700 |
1 |
|
|a Billek, G.
|
| 710 |
2 |
0 |
|a Osterreichische Biochemische Gesellschaft.
|
| 740 |
0 |
0 |
|a Biosynthesis is of aromatic compounds.
|
| 810 |
2 |
|
|a Federation of European Biochemical Societies.
|b Proceedings of the 2nd Meeting, Vienna 21-24 A.
|
| 852 |
8 |
|
|b CARM
|h A2:AE32A0
|i B00690
|p 0035558
|f BK
|
| 999 |
f |
f |
|i dd0c1c92-0463-55c3-918f-e45e45279a8e
|s aba7c069-bfbb-5f79-9094-da8b68616752
|
| 952 |
f |
f |
|p Can circulate
|a CAVAL
|b CAVAL
|c CAVAL
|d CARM 1 Store
|e B00690
|f A2:AE32A0
|h Other scheme
|i book
|m 0035558
|